Specific promoters for genetic engineering of the rubber tree: MOlecular and functional analysis (Record no. 69144)

MARC details
000 -LEADER
fixed length control field 00677nam a2200217Ia 4500
100 ## - MAIN ENTRY--AUTHOR NAME
Personal name Pujade-Renaud V
245 #0 - TITLE STATEMENT
Title Specific promoters for genetic engineering of the rubber tree: MOlecular and functional analysis
260 ## - PUBLICATION, DISTRIBUTION, ETC. (IMPRINT)
Name of publisher IRRDB Biotechnology Workshop, 9-11 February 2004, Kuala Lumpur, Malaysia. pp. 45-49.
500 ## - GENERAL NOTE
General note Source Year: 2018
650 ## - SUBJECT ADDED ENTRY--TOPICAL TERM
Topical Term Functional analysis
650 ## - SUBJECT ADDED ENTRY--TOPICAL TERM
Topical Term Genetic engineering
650 ## - SUBJECT ADDED ENTRY--TOPICAL TERM
Topical Term Molecular analysis
700 ## - ADDED ENTRY--PERSONAL NAME
Personal name Cambillau L
700 ## - ADDED ENTRY--PERSONAL NAME
Personal name Chrestin H
700 ## - ADDED ENTRY--PERSONAL NAME
Personal name Montoro P
700 ## - ADDED ENTRY--PERSONAL NAME
Personal name Puangkosol N
700 ## - ADDED ENTRY--PERSONAL NAME
Personal name Sanier C
700 ## - ADDED ENTRY--PERSONAL NAME
Personal name Tharreau D
942 ## - ADDED ENTRY ELEMENTS (KOHA)
Koha item type Journals
Holdings
Withdrawn status Lost status Damaged status Not for loan Home library Current library Shelving location Date acquired Koha item type
      Journals RRII Library RRII Library Biotechnology 17/12/2021 Journals